Can You name Geographical City Names of Big 4 Sports - Statistics

General Stats
  • This quiz has been taken 261 times
  • The average score is 47 of 61
Answer Stats
# Geographical Name % Correct
7 New York
99%
3 Boston
95%
5 Chicago
95%
3 Houston
95%
5 Los Angeles
95%
3 Dallas
94%
3 Miami
94%
4 Detroit
92%
2 Seattle
92%
4 Washington
92%
2 Denver
91%
4 Philadelphia
91%
2 San Francisco
89%
3 Toronto
89%
3 Cleveland
87%
3 Atlanta
86%
2 Kansas City
86%
2 Phoenix
86%
3 Tampa Bay
86%
2 San Diego
85%
1 San Antonio
84%
2 New Orleans
83%
1 Indiana
82%
1 Portland
82%
2 Baltimore
81%
1 Orlando
81%
3 Pittsburgh
81%
1 Jacksonville
80%
2 Buffalo
79%
4 Minnesota
79%
3 St. Louis
79%
1 Vancouver
79%
1 Charlotte
78%
2 Oakland
78%
1 Oklahoma City
78%
1 Green Bay
76%
1 Montreal
76%
2 Cincinnati
75%
2 Milwaukee
74%
1 Nashville
73%
1 Memphis
72%
1 Calgary
70%
1 Indianapolis
70%
1 Utah
70%
1 Sacramento
68%
1 San Jose
67%
2 Carolina
66%
1 Edmonton
66%
1 Columbus
65%
1 New Jersey
65%
1 Ottawa
65%
2 Arizona
64%
2 Colorado
62%
1 Winnipeg
61%
2 Anaheim
60%
1 New England
60%
1 Tennessee
60%
1 Texas
59%
1 Florida
58%
1 Golden State
52%
1 Brooklyn
50%
No matching quizzes found
Score Distribution
Percent of People with Each Score
Percentile by Number Answered
Your Score History
You have not taken this quiz